[Event "AUTO-ELITE-1008"]
[Site "http://www.queenalice.com/game.php?id=1078331"]
[Date "2012.7.2"]
[Round "1"]
[White "raszytko"]
[Black "FerreiraAzevedo"]
[Result "0-1"]
[WhiteElo "2449"]
[BlackElo "2676"]

1. e4 e5 2. Nf3 Nc6 3. Bb5 Nf6 4. O-O Nxe4 5. d4 Be7 6. Qe2 Nd6 7. Bxc6 bxc6 8.
dxe5 Nf5 9. Qe4 g6 10. Nd4 Nxd4 11. Qxd4 O-O 12. Bh6 Re8 13. Nc3 d5 14. exd6 Bf6
15. Qa4 cxd6 16. Qxc6 Rb8 17. Rad1 Be5 18. Bc1 a5 19. Qa4 Rb4 20. Qa3 Ba6 21.
Rfe1 Bb7 22. h3 Re6 23. f3 Qh4 24. Ne4 Bxe4 25. fxe4 Rf6 26. Rf1 Rd4 27. Rde1
Rxe4 28. Qxa5 Bd4+ 29. Kh2 Re5 30. Qd8+ Kg7 31. Rd1 Ree6 32. Rf3 Qe4 33. Rxf6
Rxf6 34. Rxd4 Qxd4 35. Qe7 Re6 36. Qg5 Re2 37. Bf4 h5 38. c3 Qe4 39. b4 f6 40.
Qg3 g5 41. Bxd6 Rd2 42. h4 Rd3 43. Qf2 Rxd6 44. hxg5 fxg5 45. Qg3 Qe7 46. a4 h4
47. Qf3 Qe6 48. c4 Qe5+ 49. Kg1 h3 50. c5 h2+ 51. Kh1 Qe1+ 52. Kxh2 Rh6+ 53. Qh3
Rxh3+ 54. gxh3 Qf2+ 55. Kh1 Qg3 0-1

[Event "AUTO-ELITE-1008"]
[Site "http://www.queenalice.com/game.php?id=1078332"]
[Date "2012.7.2"]
[Round "1"]
[White "FerreiraAzevedo"]
[Black "raszytko"]
[Result "1-0"]
[WhiteElo "2675"]
[BlackElo "2440"]

1. d4 Nf6 2. c4 g6 3. Nc3 d5 4. cxd5 Nxd5 5. Nf3 Bg7 6. e4 Nxc3 7. bxc3 c5 8.
Be3 Qa5 9. Nd2 Nd7 10. Qb3 O-O 11. Rc1 Qc7 12. Qa3 b6 13. Be2 Bb7 14. O-O e6 15.
f3 Bf6 16. Nc4 Be7 17. Rfd1 Rfe8 18. Qb2 Rad8 19. Bf2 Bg5 20. Bg3 Bf4 21. Bxf4
Qxf4 22. Qd2 Qxd2 23. Rxd2 Bc6 24. e5 Rb8 25. Nd6 Red8 26. f4 Kf8 27. Kf2 Kg7
28. g3 Kf8 29. h4 h5 30. Ke3 Bd5 31. Nb5 Rbc8 32. Rcc2 a6 33. Nd6 Ra8 34. Bf3
Bxf3 35. Kxf3 Kg7 36. d5 exd5 37. Rxd5 Nf8 38. Rb2 Rab8 39. f5 Kg8 40. fxg6 fxg6
41. Ke4 Ne6 42. Rd1 c4 43. Kd5 Nc5 44. Kxc4 Na4 45. Rf2 Rd7 46. Kd4 Rbd8 47. Rf6
Rg7 48. c4 Nc5 49. Rb1 a5 50. Rxb6 Nd7 51. c5 g5 52. Rf2 gxh4 53. gxh4 Rg4+ 54.
Kd5 Nxb6+ 55. cxb6 Rxh4 56. b7 Rh1 57. Rc2 Rd1+ 58. Ke6 Rf8 59. Rc8 Rb1 60. Kd7
Rxb7+ 61. Nxb7 Rxc8 62. Kxc8 Kf7 63. Kd7 Kg6 64. Nxa5 h4 65. e6 h3 66. e7 Kf5
67. e8=Q Kg4 68. Qe5 1-0

[Event "CPX.CA4.17"]
[Site "http://www.queenalice.com/game.php?id=1078526"]
[Date "2012.7.2"]
[Round "-"]
[White "jeffersonpacaembu"]
[Black "raszytko"]
[Result "0-1"]
[WhiteElo "1379"]
[BlackElo "2447"]

1. e4 e5 2. Nc3 Nf6 3. Nf3 Nc6 4. g3 Bb4 5. a3 Bxc3 6. bxc3 Nxe4 7. d3 Nxc3 8.
Qd2 Qf6 9. Bg2 e4 10. Ng1 Na4 11. Bxe4 Qxa1 12. Nf3 O-O 13. Ng5 h6 14. Nh7 Rd8
15. O-O d5 16. Qe3 dxe4 17. Qxe4 Bh3 18. Re1 Re8 19. Qxe8+ Rxe8 20. Rxe8+ Kxh7
21. Re1 Nd4 22. Bd2 Nf3+ 23. Kh1 Nxe1 0-1

[Event "B"]
[Site "http://www.queenalice.com/game.php?id=1158544"]
[Date "2013.3.6"]
[Round "-"]
[White "Kir"]
[Black "raszytko"]
[Result "1/2-1/2"]
[WhiteElo "2350"]
[BlackElo "2440"]

1. d4 Nf6 2. c4 g6 3. Nc3 d5 4. Nf3 Bg7 5. Bf4 O-O 6. e3 c5 7. dxc5 Qa5 8. Qb3
Ne4 9. Be5 Bxe5 10. Nxe5 Nd7 11. Nxd7 Bxd7 12. cxd5 Rac8 13. f3 Nxc5 14. Qa3
Qxa3 15. bxa3 Na4 16. Nxa4 Bxa4 17. Be2 Rc3 18. Kf2 Rfc8 19. Rhb1 b6 20. Rb2
Rxa3 21. Rab1 Rac3 22. Rd2 R8c5 23. Rbb2 Kf8 24. e4 Rc1 25. f4 Rh1 26. h3 Rhc1
27. g4 R5c3 28. Bd3 h6 29. Ke3 Ra3 30. Kd4 g5 31. f5 f6 32. Rh2 Kg7 33. Rbd2 Rc5
34. Bc4 1/2-1/2

[Event "B"]
[Site "http://www.queenalice.com/game.php?id=1158546"]
[Date "2013.3.6"]
[Round "-"]
[White "Kir"]
[Black "raszytko"]
[Result "1-0"]
[WhiteElo "2223"]
[BlackElo "2447"]

1. c4 Nf6 2. d4 g6 3. Nc3 d5 4. Nf3 Bg7 5. Bf4 O-O 6. e3 c5 7. dxc5 Ne4 8. Be5
Bxe5 9. Nxe5 Nxc3 10. bxc3 Qa5 11. Qd2 dxc4 12. Bxc4 Nd7 13. Qd4 Qxc5 14. Nxd7
Qxd4 15. cxd4 Bxd7 16. Bd5 Rab8 17. Kd2 Rfc8 18. Rhc1 b6 19. f4 Kg7 20. Rab1 f5
21. a3 h6 22. g3 e6 23. Bf3 Kf6 24. e4 fxe4 25. Bxe4 h5 26. h4 Ba4 27. Ke3 Kf7
28. Kf2 Kg7 29. Bd3 Kf6 30. Ke3 Be8 31. Ba6 Rd8 32. Rc7 Rd7 33. Rbc1 Rd5 34. Bc4
Rd7 35. Rxd7 Bxd7 36. Ba6 b5 37. Rc7 1-0

[Event "AUTO-ELITE-1123"]
[Site "http://www.queenalice.com/game.php?id=1158896"]
[Date "2013.3.7"]
[Round "1"]
[White "raszytko"]
[Black "toninhojit"]
[Result "1-0"]
[WhiteElo "2449"]
[BlackElo "2403"]

1. d4 Nf6 2. c4 c5 3. d5 e6 4. Nc3 exd5 5. cxd5 d6 6. e4 g6 7. f3 Bg7 8. Bg5 O-O
9. Qd2 a6 10. a4 Nbd7 11. Nh3 Qa5 12. Ra3 Ne5 13. Nf2 Bd7 14. Be2 h5 15. O-O
Rfe8 16. Rb1 Rab8 17. Bh4 Qb4 18. a5 Nh7 19. Qc1 c4 20. Qe3 Rbc8 21. Bg3 Bf6 22.
Na2 Qc5 23. Qxc5 Rxc5 24. Bf4 g5 25. Bd2 Rcc8 26. Nc3 g4 27. b3 gxf3 28. gxf3
Ng5 29. Bxg5 Bxg5 30. bxc4 Kh7 31. Rxb7 Rg8 32. Kh1 Be3 33. Ncd1 Bc5 34. f4 Ng4
35. Rxd7 Nxf2+ 36. Nxf2 Bxa3 37. Rxf7+ Rg7 38. Rxg7+ Kxg7 39. e5 Rf8 40. Nh3 Kf7
41. Ng5+ Ke7 42. Ne6 Rg8 43. c5 dxe5 44. fxe5 Bb2 45. c6 Bxe5 46. Bxa6 h4 47.
Bb7 1-0

[Event "AUTO-ELITE-1123"]
[Site "http://www.queenalice.com/game.php?id=1158897"]
[Date "2013.3.7"]
[Round "1"]
[White "toninhojit"]
[Black "raszytko"]
[Result "1-0"]
[WhiteElo "2394"]
[BlackElo "2456"]

1. Nf3 Nf6 2. c4 e6 3. g3 d5 4. Bg2 Be7 5. O-O O-O 6. d4 dxc4 7. Qc2 a6 8. Qxc4
b5 9. Qc2 Bb7 10. Nc3 b4 11. Na4 Be4 12. Qb3 Nc6 13. Be3 Nd5 14. Rac1 Na5 15.
Qd1 Nxe3 16. fxe3 Nb7 17. b3 Bd6 18. Nd2 Bxg2 19. Kxg2 Qg5 20. e4 Rac8 21. e5
Be7 22. Rc6 Qg6 23. Nf3 Qe4 24. Qc2 Qxc2 25. Rxc2 Na5 26. Rfc1 c6 27. e3 Rfd8
28. Nd2 Rb8 29. Ne4 Ra8 30. Rf1 Ra7 31. Nac5 Bxc5 32. Nxc5 h6 33. g4 Rb8 34. Ne4
Rb5 35. Nd6 Rd5 36. Rd1 c5 37. e4 Rxd4 38. Rxd4 cxd4 39. Rc5 Nxb3 40. axb3 a5
41. Nb5 Rd7 42. Kf3 f6 43. exf6 d3 44. Rc8+ Kf7 45. fxg7 Kxg7 46. Rc7 Rxc7 47.
Nxc7 Kf6 48. Ke3 Ke5 49. Kxd3 Kd6 50. h4 e5 51. Nd5 Kd7 52. Kc4 Ke6 53. Kb5 Kf7
54. Kxa5 1-0

[Event "AUTO-ELITE-1123"]
[Site "http://www.queenalice.com/game.php?id=1222598"]
[Date "2013.10.6"]
[Round "2"]
[White "kobra23"]
[Black "raszytko"]
[Result "1/2-1/2"]
[WhiteElo "2521"]
[BlackElo "2445"]

1. e4 e5 2. Nf3 Nc6 3. Bb5 a6 4. Ba4 Nf6 5. O-O b5 6. Bb3 Bb7 7. d3 Be7 8. Nc3
O-O 9. a4 b4 10. Nd5 Na5 11. Nxe7+ Qxe7 12. Ba2 d5 13. exd5 Bxd5 14. Re1 Nc6 15.
Bf4 Bxf3 16. Qxf3 Qd6 17. Bg3 Nd4 18. Qd1 Rae8 19. c3 Nf5 20. Qf3 Nxg3 21. hxg3
bxc3 22. bxc3 Qc5 23. Rac1 Qa3 24. Bc4 e4 25. dxe4 Rxe4 26. Bxa6 Rxe1+ 27. Rxe1
Qxa4 28. Qb7 Qd7 29. Bc4 Qd2 30. Re7 Qxc3 31. Qxc7 Qa1+ 32. Bf1 Nd5 33. Qa7 Qc1
34. Rd7 Nc3 35. Qa6 Qe1 36. Qd3 Ne4 37. Qc2 Re8 38. Qa2 Ng5 39. Qd5 h6 40. Ra7
Qc1 41. Qf5 Rd8 42. Qb5 Qe1 43. Qf5 Qb4 44. Kh2 Qb6 45. Re7 g6 46. Qf4 Rd5 47.
g4 Qd8 48. Bc4 Qxe7 49. Bxd5 Kg7 50. g3 Nh7 51. Qd4+ Nf6 52. Bf3 Qc7 53. Qb2 Qe7
54. Qc3 Kh7 55. Qd4 Qe6 56. Kg2 g5 57. Kh2 Kg8 58. Kg1 Kh7 59. Kh2 Kg8 60. Kg2
Kf8 61. Qb2 Qd6 1/2-1/2

[Event "AUTO-ELITE-1123"]
[Site "http://www.queenalice.com/game.php?id=1222599"]
[Date "2013.10.6"]
[Round "2"]
[White "raszytko"]
[Black "kobra23"]
[Result "0-1"]
[WhiteElo "2452"]
[BlackElo "2491"]

1. e4 e5 2. Nf3 Nc6 3. Bb5 a6 4. Ba4 b5 5. Bb3 Nf6 6. O-O Be7 7. Re1 O-O 8. c3
d6 9. h3 Na5 10. Bc2 c5 11. d4 exd4 12. cxd4 Bb7 13. Nbd2 cxd4 14. Nxd4 Rc8 15.
N2f3 d5 16. exd5 Bxd5 17. Bd2 Bxf3 18. Nxf3 Nc4 19. Bf5 Rc7 20. Bc3 Nd5 21. Bd4
Bb4 22. Re2 g6 23. Bd3 Nf4 24. Bxc4 Rxc4 25. Re4 Ne6 26. b3 Rc8 27. Be3 Bc3 28.
Rc1 Bg7 29. Qe1 Qd5 30. Rg4 Rfd8 31. Bd2 Rxc1 32. Qxc1 f5 33. Rh4 Bf6 34. Rh6
Kg7 35. Kh1 f4 36. Bxf4 Nxf4 37. Qxf4 Qd1+ 38. Kh2 Qd6 39. Qxd6 Rxd6 40. Rh4
Bxh4 41. Nxh4 Rd2 42. Kg3 Rxa2 43. Nf3 Kf6 44. h4 a5 45. Ng5 Rb2 46. Kf4 Rxf2+
47. Kg3 Rb2 48. Kf4 Rxb3 49. g3 a4 0-1

[Event "AUTO-ELITE-1123"]
[Site "http://www.queenalice.com/game.php?id=1222602"]
[Date "2013.10.6"]
[Round "2"]
[White "raszytko"]
[Black "toninhojit"]
[Result "1-0"]
[WhiteElo "2435"]
[BlackElo "2439"]

1. Nf3 d5 2. g3 Nf6 3. Bg2 Bg4 4. O-O Nbd7 5. d4 e6 6. Nbd2 Be7 7. Re1 O-O 8.
Bh1 c5 9. dxc5 Bxc5 10. Bg2 Qb6 11. Rf1 Rfd8 12. Nb3 Be7 13. Bf4 Bxf3 14. exf3
a5 15. a4 Rac8 16. Be3 Qc7 17. c3 e5 18. Re1 b6 19. Bg5 Nc5 20. Nxc5 bxc5 21.
Qe2 Bd6 22. f4 exf4 23. Bxf6 gxf6 24. Qg4+ Kh8 25. Qf5 Be5 26. Rad1 d4 27. Be4
Kg8 28. gxf4 Bxf4 29. Qxh7+ 1-0

[Event "AUTO-ELITE-1123"]
[Site "http://www.queenalice.com/game.php?id=1222603"]
[Date "2013.10.6"]
[Round "2"]
[White "toninhojit"]
[Black "raszytko"]
[Result "0-1"]
[WhiteElo "2411"]
[BlackElo "2443"]

1. c4 c6 2. e4 d5 3. exd5 cxd5 4. d4 Nf6 5. Nc3 g6 6. cxd5 Bg7 7. Qa4+ Nbd7 8.
Nf3 O-O 9. d6 Nb6 10. Qa3 Qxd6 11. Qxd6 exd6 12. Be2 Nfd5 13. Nxd5 Nxd5 14. O-O
Bg4 15. h3 Rfe8 16. Bd1 Bd7 17. Bb3 Bc6 18. Bd2 h6 19. Rfe1 Ne7 20. Bb4 Bxf3 21.
gxf3 Nc6 22. Bxd6 Nxd4 23. Kg2 Nxb3 24. Rxe8+ Rxe8 25. axb3 a6 26. Rc1 Rd8 27.
Ba3 Be5 28. Rc5 f6 29. Rc2 Rd3 30. Rc4 Rxb3 31. Re4 g5 32. Re2 Kg7 33. Re3 Rb5
34. Rd3 Bxb2 0-1

[Event "Challenge"]
[Site "http://www.queenalice.com/game.php?id=1229707"]
[Date "2013.11.4"]
[Round "-"]
[White "raszytko"]
[Black "mowliid12"]
[Result "1-0"]
[WhiteElo "2451"]
[BlackElo "1979"]

1. e4 c5 2. Nf3 d6 3. d4 cxd4 4. Nxd4 e5 5. Bb5+ Bd7 6. Bxd7+ Qxd7 7. Nb3 Nf6 8.
Nc3 Qc6 9. Qf3 Be7 10. O-O O-O 11. Bg5 Re8 12. Rad1 1-0